000 00471nam a2200193Ia 4500
005 20240823031150.0
008 240823s9999||||xx |||||||||||||| ||und||
041 _aENGLISH
082 _A621.4021 Q1
100 _aVijayaraghavan G K
245 0 _aEngineering Thermodynamics
250 _aVII th
260 _c2011
_bLakshmi Puplications Ch
500 _aYES
650 _aThermodynamics
_bMechanical
700 _a Sundravalli s
942 _cBK
999 _c190423
_d190423